000 01679nam a2200349 i 4500
001 000000306
003 DO-SdBPM
005 20260324141004.0
007 ta
008 081212s2007 dr ac b 000 0 spa d
020 _a9789945858617
020 _a9945858610
040 _aDO-SdBPM
_bspa
_cBPMSU
_erda
_d
082 0 4 _a460.7
_bJ61i, 2007
_222
100 1 _aJiménez Díaz, Carlos,
_d1943-
_eautor
_4aut.
100 z _aDíaz, Carlos Jiménez
_d1943-
245 1 0 _aIncorrecciones al relieve /
_cCarlos Jiménez Díaz.
250 _a3a. ed.
264 1 _aSanto Domingo :
_bCybercolor,
_c2007.
300 _a207 páginas :
_bilustraciones, retratos ;
_c24 cm.
336 _2rdacontent
_atexto
_btxt
337 _2rdamedia
_asin mediación
_bn
338 _2rdacarrier
_avolumen
_bnc
500 _aBreve reseña biográfica
500 _a
505 0 _aIntroducción --
_tIndicaciones previas --
_tTranscripción (Muestreo de redacción) --
_tCorrección estrictamente gramatical (Bosquejo de corrección) --
_tInterpretación hipotética del contexto anterior --
_tMuestreos de redacción y bosquejos de corrección --
_tRetratos ortográficos --
_tComentarios en cápsulas --
_tDiferencia entre palabras --
_tDictado de párrafos para la evaluación ortográfica --
_tPatrones didácticos: empleo de verbos --
_tPlanificación de unidades temáticas --
_tPatrones didácticos: empelos de verbos --
_tParónimos --
_tPatrones didácticos: empleo de verbos --
_tConsulta bibliográfica.
590 _aInventariado, 2026/VM
650 7 _aEspañol
_xEnseñanza
650 7 _aEspañol
_xGramática
_xEstudio y enseñanza
910 _aVMateo. Control de calidad. BPMSU
942 _2ddc
_cBK
999 _c15772
_d15772